Sports Quiz

Random Sports or Cricket Quiz
Score 0/25 Timer 07:00
0 Plays Today
No. of Hundreds Name % Correct
197Jack Hobbs
80%
151Geoff Boycott
72.5%
136Graeme Hick
62.5%
107Andrew Sandham
62.5%
128Graham Gooch
57.5%
129Len Hutton
55%
126WG Grace
55%
114Viv Richards
55%
167Wally Hammond
52.5%
113Mark Ramprakash
52.5%
103Glenn Turner
52.5%
170Patsy Hendren
50%
117Don Bradman
47.5%
No. of Hundreds Name % Correct
123Denis Compton
40%
107Colin Cowdrey
40%
102Dennis Amiss
40%
149Herbert Sutcliffe
37.5%
145Frank Woolley
37.5%
102Les Ames
37.5%
153Philip Mead
35%
108Zaheer Abbas
32.5%
102Ernest Tydlesley
32.5%
122Tom Graveney
27.5%
103John Edrich
25%
104Tom Hayward
17.5%
Remove Ads.
Support Sporcle.
Get the best of Sporcle when you Go Orange. This ad-free experience offers more features, more stats, and more fun while also helping to support Sporcle. Thank you for becoming a member.

You're not logged in!

Compare scores with friends on all Sporcle quizzes.
OR
Log In

Show Comments

Extras

Created Oct 25, 2010ReportNominate
Tags:Cricket Quiz

Top Quizzes Today


Score Distribution

Your Account Isn't Verified!

In order to create a playlist on Sporcle, you need to verify the email address you used during registration. Go to your Sporcle Settings to finish the process.

Report this User

Report this user for behavior that violates our Community Guidelines.

Details: